000 01490nam0a2200349 4500
001 RU\NLR\BIBL_A\021961797
005 20230906174429.0
010 _a978-5-0059-9069-3
021 _aRU
_bКН-П-23-031643
_9КН-П-23-3134
035 _a(NLR Aleph) 021961797
090 _a12322727
_c12322727
100 _a20230609d2023 u y0rusy50 ca
101 0 _arus
102 _aRU
105 _aac a 000zy
181 0 _ai
_baxxe
182 0 _an
200 1 _aБиблиография
_fА. С. Новиков-Прибой
_g[составители: И. А. Новикова, А. И. Новиков].
203 _aТекст
_bвизуальный
_cнепосредственный
210 _a[Б. м.]
_cИздательские решения
_d2023
215 _a81, [2] с.
_cил., портр.
_d21
320 _aБиблиогр. в тексте
333 _a12+
600 1 _aНовиков-Прибой
_bА.С.
_gАлексей Силыч
_f1877 - 1944
_jБиблиография
_2nlr_sh1
_2nlr_sh2
_3RU\NLR\AUTH\66766080
686 1 _aШ5(2=Р)7-4Новиков-Прибой
700 1 _aНовиков-Прибой
_bА. С.
_f1877-1944
_gАлексей Силыч
_3RU\NLR\AUTH\7712648
702 1 _aНовикова
_bИ. А.
_cбиограф
_f1934-
_gИрина Алексеевна
_3RU\NLR\AUTH\770258895
_4220
942 _cBOOK
980 _aNB